000 00367nam a22001457a 4500
999 _c197279
_d197279
008 230821b ||||| |||| 00| 0 eng d
082 _aS-KIP
100 _aKipling, Rudyard
245 _aCaptains Courageous
_hEnglish
260 _aDelhi
_bA.I.C.B.
_cRohini
270 _aA.I.C.B. Rohini, Delhi
300 _a12x13
490 _v1-2
942 _2ddc
_cBRLEN
_kS
_mKIP